| 000 | 00851cab a2200265 4500 | ||
|---|---|---|---|
| 001 | ABS58759 | ||
| 008 | 090401t1998 xxu||||| |||| 00| 0 eng d | ||
| 035 | _a(Sirsi) u86250 | ||
| 041 | _aeng | ||
| 100 | _aHiggins, D. | ||
| 245 | 3 | _aAn Australian view of giant corporations down-under | |
| 260 | _c1998 | ||
| 350 | _a0 | ||
| 490 |
_aCSM _bChartered Surveyor Monthly _v7(7) April 1998, 40-41(2) |
||
| 520 | _aOverview of how the growth of large multi-national companies has affected the property markets in Australia and the Asia Pacific region. | ||
| 650 | _aASIA PACIFIC | ||
| 650 | _aAUSTRALIA | ||
| 650 | _aPROPERTY-COMMERCIAL PROPERTY-COMMERCIAL PROPERTY MARKET | ||
| 650 | _aHEADQUARTERS | ||
| 650 | _aMULTINATIONAL COMPANIES | ||
| 650 | _aOFFICES | ||
| 690 | _aOVERSEAS-REST OF THE WORLD | ||
| 942 | _n0 | ||
| 948 | _c15/05/1998 | ||
| 999 |
_c54261 _d54261 |
||